00385nam a2200145 a 4500008004100000050001500041100001800056245004200074250001200116260003700128300002200165350000900187650001600196650002700212120416s1967 ||||||||||||||||| || u aQC 670 Rei aReitz, John R10aFoundations of electromagnetic theory a2nd ed. aCaliforniabAddison-Wesleyc1967 axii, 435p. : ill. a0.00 aELECTRICITY aELECTROMAGNETIC THEORY